| 000 | 00745nam a2200181 a 4500 | ||
|---|---|---|---|
| 020 | _a0727701851 | ||
| 082 | 0 | 0 |
_a624.1/54 _bPIL _cl-15.p-64 |
| 100 |
_aPIL _942736 |
||
| 245 | 1 | 0 |
_aPiling and ground treatment : _bproceedings of the International Conference on Advances in Piling and Ground Treatment for Foundations / _corganized by the Institution of Civil Engineers, and held in London on 2-4 March 1983. |
| 260 |
_aLondon : _bT. Telford, _c1984. |
||
| 300 |
_a297 p. : _bill. ; _c31 cm. |
||
| 526 |
_a0 _b0 _c0 _d624_154000000000000_PIL |
||
| 650 | 0 |
_aMCE _9379 |
|
| 650 | 0 |
_aPiling AND GROUND TREATMENT _xCongresses. _942737 |
|
| 650 | 0 |
_xCongresses. _942738 |
|
| 710 | 2 |
_aInstitution of Civil Engineers (Great Britain) _925323 |
|
| 942 |
_2ddc _cBK |
||
| 999 |
_c546583 _d546583 |
||